|
|
|
|
| LEADER |
01022cam a2200265 4500 |
| 001 |
310377 |
| 003 |
GR-PaULI |
| 005 |
20240625151001.0 |
| 008 |
730307s1972 enka b 001 0 eng |
| 010 |
|
|
|a 73155138
|
| 020 |
|
|
|a 0192119222
|
| 020 |
|
|
|a 0192119230
|
| 040 |
|
|
|a DLC
|c DLC
|d DLC
|b gre
|e AACR2
|
| 082 |
0 |
4 |
|a 709.021 4
|2 23
|
| 100 |
1 |
|
|a Rice, David Talbot,
|d 1903-1972
|e συγγραφέας.
|9 81244
|
| 245 |
1 |
4 |
|a The appreciation of Byzantine art /
|c David Talbot Rice.
|
| 260 |
|
|
|a London :
|b Oxford University Press,
|c [1972].
|
| 300 |
|
|
|a 214 σ. :
|b εικ. ;
|c 21 εκ.
|
| 490 |
1 |
|
|a The Appreciation of the arts ;
|v 7
|
| 504 |
|
|
|a Περιλαμβάνει βιβλιογραφία.
|
| 650 |
|
4 |
|a Τέχνη, Βυζαντινή
|9 1212
|
| 830 |
|
0 |
|9 204461
|a Appreciation of the arts
|v 7
|
| 942 |
|
|
|2 ddc
|c BK
|
| 952 |
|
|
|0 0
|1 0
|2 ddc
|4 0
|6 709_021000000000000_4_RIC
|7 0
|9 381471
|a LISP
|b LISP
|c DON
|d 2024-06-25
|e ΜΑΡ
|i 366520
|l 0
|o 709.021 4 RIC
|p 025000312461
|r 2024-06-25 00:00:00
|t 1
|w 2024-06-25
|y BKN
|
| 999 |
|
|
|c 221658
|d 221658
|